| 000 | 00533nam a2200205 a 4500 | ||
|---|---|---|---|
| 001 | ASIN8180940640 | ||
| 003 | OSt | ||
| 005 | 20150408114141.0 | ||
| 008 | 131001s2011 xxu eng d | ||
| 020 | _a8180940640 (paperback) | ||
| 020 | _a9788180940644 (paperback) | ||
| 040 | _aMa-Un | ||
| 082 |
_222 _a620.5 |
||
| 100 | 1 |
_aShanmugam, S. _937512 |
|
| 245 | 1 | 0 |
_aNanotechnology / _cS. Shanmugam. |
| 260 |
_aNew Delhi : _bMjp Publishers, _c2011. |
||
| 300 |
_a274 P. _c24cm |
||
| 650 | _aNanotechnology | ||
| 942 |
_2ddc _cBOOK |
||
| 999 |
_c31074 _d265574 |
||